02416nkc a2200337za 450000100060000000300040000600500170001000700070002700800410003404000240007510000330009924500410013226000240017330001000019750003280029750001930062550000650081850001340088350001690101750400520118650500410123851001510127951002100143056101300164061000420177065100190181265500320183170000530186385200120191685601500192884715OSt20260324160032.0kh boc250410s19101911sp ||||| ||||||0| i|spa d aM-RABAbspacM-RABA1 aElorza, Lorenzod(1861-1931)10aUrrialdob: Ventana al Estec/ L. E. c[ca. 1910 – 1911] a1 fotografía b: gelatina de plata c; imagen 12 x 17 cmc; soporte secundario 21,5 x 26,5 cm aVista del ventanal de la cabecera de la ermita de Nuestra Señora de Urrialdo en Mártioda, formada por arco de medio punto con dos arquivoltas, la primera decorada con acantos y la segunda baquetonada y con una sarta de besantes su trasdós. Se apoya el conjunto en dos pares de columnas con capiteles troncocónicos.  aFotografía montada sobre soporte secundario de cartulina azul enmarcada con orla en relieve. Título y numeración manuscrita que hace referencia a la posición en la serie “160”. aSello con monograma del fotógrafo en tinta roja “L.E.” aFechas tomadas de la ejecución del positivo de las fotografías, incluido el soporte secundario. (Soto Madrazo, Javier. 2008). aForma parte de un conjunto de 167 fotografías empleadas por Federico Baráibar Zumárraga para la elaboración del Inventario del Románico en Álava (1911). aBaraibar, F.: "Rincones artísticos", M. 1914. aUrrialdo.- Ventana al Este. / L. E.  aDescripción tomada de: Soto Madrazo, Javier (2008). Federico Baraibar y el Inventario del Románico en Álava: una caja con 167 fotografías. aEsta colección fue utilizada posteriormente por Cristóbal de Castro para la elaboración y publicación del "Catálogo Monumental de España: provincia de Álava", Madrid, S. de Rivadeneira, 1915. aDonadas junto con la memoria manuscrita a la Academia por el mismo Baraibar (Sesión 12 de febrero de 1912, Archivo: 4-32-1)27aErmita de Nuestra Señora (Urrialdo) 7aÁlava2embne 0aFotografías de monumentos1 aBaráibar y Zumárraga, Federico d(1851-1918) jFot-269 3Fot-269uhttps://archivoybiblioteca.realacademiabellasartessanfernando.com/cgi-bin/koha/opac-retrieve-file.pl?id=59142f10694676049c106465b11cb15d